00644cam a2200217ua 45000010005000000080039000050200018000440400009000620410008000710820008000791000026000872450064001132500013001772600033001903000010002236530038002336530028002719420007002999990015003069520105003218459150130n ii |||gr||||Z||||||eng a9788126916849 cMAIN aeng a820 aDas, B. Kr.,eAuthor.1 aCritical essays on postcolonial literaturecBy Bijay Kr.Das a3rd rev. aNew Delhi:bAtlantic,c2012. a232p. aEnglish.& Old English literatures aPostcolonial literature cBK c7567d7567 00104070aMAINbMAINcGENd2020-09-19l0o820 | DASp20861r2020-09-19 00:00:00t1w2020-09-19yBK